| Tag |
First Indicator |
Second Indicator |
Subfields |
| LEADER |
00000cam a22000008i 4500 |
| 001 |
in00000614708 |
| 005 |
20151015050834.0 |
| 008 |
771221s1978 cou b 00010 eng |
| 010 |
|
|
|a 77027662
|
| 020 |
|
|
|a 0891580581 :
|c $17.50
|
| 035 |
|
|
|a (OCoLC)03558739
|
| 035 |
|
|
|9 ACT2613AM
|
| 040 |
|
|
|a DLC
|c DLC
|d TXA
|d UtOrBLW
|
| 049 |
|
|
|a TXAM
|c [975750]
|
| 050 |
0 |
0 |
|a HE561.5
|b .S54
|
| 082 |
0 |
|
|a 341.7/566
|
| 100 |
1 |
|
|a Silverstein, Harvey B.
|
| 245 |
1 |
0 |
|a Superships and nation-states :
|b the transitional policies of the Intergovernmental Maritime Consultative Organization /
|c Harvey Silverstein.
|
| 264 |
|
1 |
|a Boulder, Colo. :
|b Westview Press,
|c 1978.
|
| 300 |
|
|
|a xiii, 251 pages ;
|c 24 cm.
|
| 336 |
|
|
|a text
|b txt
|2 rdacontent
|
| 337 |
|
|
|a unmediated
|b n
|2 rdamedia
|
| 338 |
|
|
|a volume
|b nc
|2 rdacarrier
|
| 490 |
0 |
|
|a A Westview replica edition
|
| 504 |
|
|
|a Bibliography: pages 188-203.
|
| 610 |
2 |
0 |
|a Intergovernmental Maritime Consultative Organization.
|
| 999 |
|
|
|a MARS
|
| 999 |
f |
f |
|s 34ba078a-7991-3ef6-9cbb-3d30b7bb57fb
|i f62a037c-2079-37c8-abe9-72665fbe7e58
|t 0
|
| 952 |
f |
f |
|p ric
|a Texas A&M University
|b Rellis Campus
|c Joint Library Facility
|d Remote Storage
|t 0
|e HE561.5 .S54
|h Library of Congress classification
|i unmediated -- volume
|m A14802750983
|
| 998 |
f |
f |
|a HE561.5 .S54
|t 0
|l Remote Storage
|